Laddar...
حكايات من القلب
| Huvudupphovsmän: | , |
|---|---|
| Materialtyp: | Printed Book |
| Publicerad: |
saudi:
Darul ilm;
2005.
|
| Ämnen: |
| LEADER | 00569nam a22001817a 4500 | ||
|---|---|---|---|
| 082 | |a 892.736 |b MUR/H | ||
| 100 | |a سمير مرتضى | ||
| 100 | |a Murthala, sameer | ||
| 245 | |a حكايات من القلب |c Hikayathu minal qalb | ||
| 260 | |b Darul ilm; |a saudi: |c 2005. | ||
| 300 | |a 141p. | ||
| 500 | |a includes index | ||
| 650 | |a Arabic literature | ||
| 650 | |a Story in arabic | ||
| 650 | |a قصة | ||
| 942 | |c BK | ||
| 999 | |c 296804 |d 296804 | ||
| 952 | |0 0 |1 0 |4 0 |6 892_736000000000000_MUR_H |7 0 |9 316197 |a ARA |b ARA |d 2020-08-26 |l 0 |o 892.736 MUR/H |p ARA3080 |r 2020-08-26 |w 2020-08-26 |y BK | ||